MARC

LEADER 00000nam0a2200000 4500
001 47922
005 20231031030728.0
010 |a 5222025179 
035 |a (RuTPU)RU\TPU\book\50112 
090 |a 47922 
100 |a 20030227d2002 m y0rusy50 ca 
101 0 |a rus 
102 |a RU 
105 |a y j 001zy 
200 1 |a Безопасность жизнедеятельности  |e учебное пособие  |f Т. А. Хван, П. А. Хван 
205 |a 3-е изд., перераб. и доп. 
210 |a Ростов-на-Дону  |c Феникс  |d 2002 
215 |a 416 с. 
225 1 |a Учебники и учебные пособия 
320 |a Библиогр.: с. 412-413 
451 1 |0 (RuTPU)RU\TPU\book\37584  |y 5-222-01424-X  |t Безопасность жизнедеятельности  |o учебное пособие  |f Т. А. Хван, П. А. Хван  |e 4-е изд., перераб. и доп.  |c Ростов-на-Дону  |n Феникс  |d 2001  |p 352 с.  |a Хван, Татьяна Александровна 
451 1 |0 (RuTPU)RU\TPU\book\74818  |y 5-222-02517-9  |t Безопасность жизнедеятельности  |o учебное пособие  |f Т. А. Хван, П. А. Хван  |c Ростов-на-Дону  |n Феникс  |d 2003  |p 416 с.  |s Учебники и учебные пособия  |a Хван, Татьяна Александровна 
610 1 |a безопасность жизнедеятельности 
610 1 |a среда обитания 
610 1 |a негативные факторы 
610 1 |a технические системы 
610 1 |a безопасность 
610 1 |a экологичность 
610 1 |a чрезвычайные ситуации 
610 1 |a медицинская помощь 
610 1 |a первая помощь 
610 1 |a управление 
610 1 |a учебные пособия 
675 |a 614.8(075.8)  |v 3 
700 1 |a Хван  |b Т. А.  |g Татьяна Александровна 
701 1 |a Хван  |b П. А.  |g Петр Александрович 
801 1 |a RU  |b 63413507  |c 20030227  |g PSBO 
801 2 |a RU  |b 63413507  |c 20220518  |g PSBO 
900 |a Безопасность жизнедеятельности 
942 |c BK 
952 |b 330000